| 000 | 01032nam a2200265 4500 | ||
|---|---|---|---|
| 003 | MX-MxINE | ||
| 005 | 20260601193859.0 | ||
| 008 | 260501t1994 mx a|||| |||| 00| 0 spa d | ||
| 020 | _a968363558X | ||
| 040 |
_aMX-MxINE _bspa _cMX-MxINE _erda |
||
| 041 | _aspa | ||
| 050 |
_aNA2542.35 _bV45 |
||
| 100 |
_aVéjar Pérez-Rubio, Carlos, _d1943- _eautor _933427 |
||
| 245 |
_aY el perro ladra y la luna enfria : _bFernando Salinas : diseno, ambiente y esperanza / _cCarlos Vejar Perez-Rubio |
||
| 250 | _aPrimera edición | ||
| 264 |
_aMéxico : _bUAM, Unidad Azcapotzalco, Division de Ciencias y Artes para el Diseno, _c1994 |
||
| 300 |
_a312 páginas : _bilustraciones |
||
| 336 |
_2rdacontent _atexto |
||
| 337 |
_2rdamedia _asin medio |
||
| 338 |
_2rdacarrier _avolumen |
||
| 650 | 1 |
_aArquitectura _xAspectos ambientales |
|
| 650 | 1 |
_aConstrucciones _xIngeniería ambiental _933429 |
|
| 710 | 1 |
_aUniversidad Autónoma Metropolitana. _bUnidad Azcapotzalco. _bDivisión de Ciencias y Artes para el Diseño |
|
| 942 |
_2lcc _n1 _cB |
||
| 999 |
_c22142 _d22142 |
||